MARC details
| 000 -CABECERA |
| campo de control de longitud fija |
01121nam a2200265 a 4500 |
| 001 - NÚMERO DE CONTROL |
| campo de control |
000017065 |
| 005 - FECHA Y HORA DE LA ÚLTIMA TRANSACCIÓN |
| campo de control |
20200929165019.0 |
| 008 - DATOS DE LONGITUD FIJA--INFORMACIÓN GENERAL |
| campo de control de longitud fija |
100317s1998 dr a f001 0 spa d |
| 040 ## - FUENTE DE LA CATALOGACIÓN |
| Centro catalogador/agencia de origen |
DO-SdBNP |
| Lengua de catalogación |
spa |
| Centro/agencia transcriptor |
BNPHU |
| 082 ## - NÚMERO DE LA CLASIFICACIÓN DECIMAL DEWEY |
| Número de clasificación |
618.92995 |
| Número de documento/Ítem |
R426n, 1998 |
| 110 1# - ENTRADA PRINCIPAL--NOMBRE DE ENTIDAD CORPORATIVA |
| Nombre de entidad corporativa o nombre de jurisdicción como elemento de entrada |
República Dominicana |
| Unidad subordinada |
Secretaría de Salud Pública y Asistencia Social |
| 9 (RLIN) |
1405 |
| 245 10 - MENCIÓN DE TÍTULO |
| Título |
Normas nacionales para la prevención, diagnóstico, tratamiento y control de la tuberculosis infantil / |
| Mención de responsabilidad, etc. |
presentación Altagracia Guzmán Marcelino. |
| 260 ## - PUBLICACIÓN, DISTRIBUCIÓN, ETC. |
| Lugar de publicación, distribución, etc. |
Santo Domingo : |
| Nombre del editor, distribuidor, etc. |
SESPAS, |
| Fecha de publicación, distribución, etc. |
1998. |
| 300 ## - DESCRIPCIÓN FÍSICA |
| Extensión |
51 P. : |
| Otras características físicas |
il. ; |
| Dimensiones |
22 cm. |
| 490 1# - MENCIÓN DE SERIE |
| Mención de serie |
Normas nacionales |
| Designación de volumen o secuencia |
9 |
| 504 ## - NOTA DE BIBLIOGRAFÍA, ETC. |
| Nota de bibliografía, etc. |
Bibliografía : p. 51 |
| 590 ## - NOTA LOCAL (RLIN) |
| Nota local |
Inventariado, 2018/DG |
| 650 #4 - PUNTO DE ACCESO ADICIONAL DE MATERIA--TÉRMINO DE MATERIA |
| Término de materia o nombre geográfico como elemento de entrada |
Tuberculosis en niños |
| Subdivisión geográfica |
República Dominicana |
| Subdivisión general |
Normas |
| 9 (RLIN) |
37649 |
| 650 #4 - PUNTO DE ACCESO ADICIONAL DE MATERIA--TÉRMINO DE MATERIA |
| Término de materia o nombre geográfico como elemento de entrada |
Tuberculosis en niños |
| Subdivisión general |
Diagnóstico |
| 9 (RLIN) |
37650 |
| 650 #4 - PUNTO DE ACCESO ADICIONAL DE MATERIA--TÉRMINO DE MATERIA |
| Término de materia o nombre geográfico como elemento de entrada |
Tuberculosis en niños |
| Subdivisión general |
Prevención y control |
| 9 (RLIN) |
37651 |
| 650 #4 - PUNTO DE ACCESO ADICIONAL DE MATERIA--TÉRMINO DE MATERIA |
| Término de materia o nombre geográfico como elemento de entrada |
Tuberculosis en niños |
| Subdivisión general |
Tratamiento |
| 9 (RLIN) |
37652 |
| 650 #4 - PUNTO DE ACCESO ADICIONAL DE MATERIA--TÉRMINO DE MATERIA |
| Término de materia o nombre geográfico como elemento de entrada |
Salud pública |
| Subdivisión geográfica |
República Dominicana |
| Subdivisión general |
Normas |
| 9 (RLIN) |
1409 |
| 830 #0 - PUNTO DE ACCESO ADICIONAL DE SERIE-TÍTULO UNIFORME |
| Título uniforme |
Normas nacionales |
| Designación de volumen o secuencia |
9 |
| 9 (RLIN) |
1411 |
| 910 ## - DATOS DE OPCIÓN DEL USUARIO (OCLC) |
| Datos de opción del usuario |
Validado. Control de calidad MFF |